[Event "V Torneo"]
[Site "Bassano del Grappa ITA"]
[Date "2005.12.28"]
[Round "4"]
[White "Alberti, Andrea"]
[Black "Forato, Enrico"]
[Result "1/2-1/2"]
[WhiteElo "2179"]
[BlackElo "1951"]
[PlyCount "108"]
[EventDate "2005.12.26"]

1. d4 Nf6 2. c4 g6 3. g3 Bg7 4. Bg2 O-O 5. Nf3 d6 6. O-O Nbd7 7. Nc3 e5 8. e4
exd4 9. Nxd4 Re8 10. b3 Nc5 11. Re1 a5 12. Rb1 c6 13. f3 Qc7 14. Be3 Be6 15.
Rc1 Rad8 16. Qc2 Bc8 17. Bf2 Nfd7 18. f4 Nf6 19. h3 Re7 20. Re2 Rde8 21. Rce1
Qb8 22. a3 Qc7 23. b4 Ne6 24. Nb3 axb4 25. axb4 Nh5 26. c5 dxc5 27. bxc5 Nexf4
28. gxf4 Nxf4 29. Re3 Be6 30. Ne2 Nxg2 31. Kxg2 Bxb3 32. Qxb3 Rxe4 33. Ng3 Rxe3
34. Rxe3 Rxe3 35. Qxe3 Qe5 36. Qxe5 Bxe5 37. Ne4 f5 38. Nd2 Kf7 39. Kf3 Ke6 40.
Ke3 Kd5 41. Kd3 g5 42. Nc4 Bc7 43. Bd4 f4 44. Nd2 Bd8 45. Ne4 h5 46. Nc3+ Ke6
47. Ke4 Bf6 48. Bxf6 Kxf6 49. Ne2 Ke6 50. Nd4+ Kd7 51. Kf5 g4 52. hxg4 hxg4 53.
Kxg4 b6 54. cxb6 c5 1/2-1/2

[Event "V Torneo"]
[Site "Bassano del Grappa ITA"]
[Date "2005.12.28"]
[Round "4"]
[White "Caruso, Augusto"]
[Black "Cacco, Christian"]
[Result "1-0"]
[WhiteElo "2244"]
[BlackElo "2393"]
[PlyCount "65"]
[EventDate "2005.12.26"]

1. Nc3 f5 2. e4 d6 3. Bc4 Nf6 4. d3 Nc6 5. a4 Ne5 6. Ba2 fxe4 7. dxe4 Bg4 8. f3
Bh5 9. Nge2 Bf7 10. f4 Nc6 11. Bxf7+ Kxf7 12. f5 e5 13. fxe6+ Kxe6 14. Nd5 Kd7
15. O-O Be7 16. b4 Ne5 17. Bb2 Nxd5 18. exd5 Bf6 19. Nf4 Kc8 20. Ne6 Qd7 21. b5
b6 22. Qe2 a6 23. a5 Qxb5 24. Qxb5 axb5 25. axb6 Kb7 26. bxc7 Rxa1 27. Rxa1 Nd7
28. Bxf6 gxf6 29. Rb1 Ra8 30. Rxb5+ Kc8 31. Rb3 Ra2 32. Rc3 Ra5 33. Rg3 1-0

[Event "V Torneo"]
[Site "Bassano del Grappa ITA"]
[Date "2005.12.28"]
[Round "4"]
[White "Casciello, Dimitri"]
[Black "Genna, Jose' Miguel"]
[Result "0-1"]
[WhiteElo "1999"]
[BlackElo "2225"]
[PlyCount "56"]
[EventDate "2005.12.26"]

1. e4 e6 2. d4 d5 3. Nc3 Bb4 4. e5 c5 5. a3 Bxc3+ 6. bxc3 Ne7 7. Qg4 Qc7 8.
Qxg7 Rg8 9. Qxh7 cxd4 10. Ne2 Nbc6 11. f4 Bd7 12. Qd3 dxc3 13. Nxc3 a6 14. Rb1
Nf5 15. g4 Nfe7 16. Rg1 Na5 17. Qd4 Rc8 18. Bd2 b5 19. Rg3 Qd8 20. Qd3 Nc4 21.
Ne2 Nxd2 22. Kxd2 Ng6 23. g5 Rh8 24. Rh3 Qa5+ 25. Ke3 Rxh3+ 26. Bxh3 Rc4 27.
Rb3 Qe1 28. Rb4 Nxf4 0-1

[Event "V Torneo"]
[Site "Bassano del Grappa ITA"]
[Date "2005.12.28"]
[Round "4"]
[White "Dvirnyy, Danyyil"]
[Black "Tomio, Dante"]
[Result "1-0"]
[WhiteElo "2272"]
[BlackElo "1831"]
[PlyCount "61"]
[EventDate "2005.12.26"]

1. e4 c5 2. Nf3 d6 3. d4 cxd4 4. Qxd4 Nc6 5. Bb5 Bd7 6. Bxc6 Bxc6 7. Nc3 Nf6 8.
Bg5 e6 9. O-O-O Be7 10. Qd3 Qc7 11. Nd4 a6 12. f3 O-O 13. Qe3 b5 14. g4 b4 15.
Nce2 Rac8 16. Kb1 Bb7 17. Ng3 Rfe8 18. Rd2 Qc5 19. h4 a5 20. Rg2 a4 21. Nh5 a3
22. Bxf6 Bxf6 23. Nxf6+ gxf6 24. g5 f5 25. g6 fxg6 26. h5 f4 27. Qg1 Bxe4 28.
fxe4 e5 29. hxg6 Qxd4 30. gxh7+ Kh8 31. Rg8+ 1-0

[Event "V Torneo"]
[Site "Bassano del Grappa ITA"]
[Date "2005.12.28"]
[Round "4"]
[White "Mogranzini, Roberto"]
[Black "Ferretti, Folco"]
[Result "1-0"]
[WhiteElo "2353"]
[BlackElo "2264"]
[PlyCount "75"]
[EventDate "2005.12.26"]

1. e4 e5 2. Nf3 Nc6 3. Bb5 Nf6 4. d3 d6 5. c3 g6 6. Bg5 Bg7 7. Nbd2 h6 8. Bh4
O-O 9. Nf1 Bd7 10. Ne3 Ne7 11. Bxd7 Qxd7 12. h3 Qe6 13. g4 Nh7 14. Bxe7 Qxe7
15. h4 c6 16. h5 Qe6 17. Qb3 Qxb3 18. axb3 Rfd8 19. g5 hxg5 20. hxg6 fxg6 21.
Ke2 Rf8 22. Rag1 Bf6 23. Rh6 Kg7 24. Rgh1 Rh8 25. R6h2 Rag8 26. Ng4 Be7 27. Nd2
Rf8 28. Nc4 Rf4 29. f3 Rff8 30. b4 b5 31. Na5 Rc8 32. Nb3 Bd8 33. d4 Bc7 34.
dxe5 dxe5 35. Nc5 Bb6 36. Ne6+ Kf7 37. Rxh7+ Rxh7 38. Nxg5+ 1-0

[Event "V Torneo"]
[Site "Bassano del Grappa ITA"]
[Date "2005.12.28"]
[Round "4"]
[White "Mosconi, Ariel Oscar"]
[Black "Bonafede, Alessandro"]
[Result "1/2-1/2"]
[WhiteElo "2164"]
[BlackElo "2147"]
[PlyCount "73"]
[EventDate "2005.12.26"]

1. d4 f5 2. g3 Nf6 3. Bg2 g6 4. Nh3 Bg7 5. c3 O-O 6. Qb3+ d5 7. Nd2 Nc6 8. Nf3
Na5 9. Qc2 Ne4 10. Nf4 Nc4 11. Nd3 e6 12. Nfe5 Nxe5 13. Nxe5 c5 14. f3 cxd4 15.
cxd4 Nd6 16. Be3 Bd7 17. O-O g5 18. Rac1 f4 19. Bf2 Bxe5 20. dxe5 Nc4 21. Bd4
Be8 22. Bh3 Qd7 23. b3 Bg6 24. Qc3 Na3 25. Qc5 Nc2 26. Bf2 fxg3 27. hxg3 Rfc8
28. Qd6 Qxd6 29. exd6 Kf7 30. g4 e5 31. e3 d4 32. exd4 exd4 33. Rfd1 Rc6 34.
Bg3 d3 35. Bf1 Ne3 36. Rxc6 bxc6 37. Rd2 1/2-1/2

[Event "V Torneo"]
[Site "Bassano del Grappa ITA"]
[Date "2005.12.29"]
[Round "5"]
[White "Cacco, Christian"]
[Black "Stiz, Massimiliano"]
[Result "1/2-1/2"]
[WhiteElo "2393"]
[BlackElo "1841"]
[PlyCount "80"]
[EventDate "2005.12.26"]

1. d4 e6 2. c4 f5 3. g3 Nf6 4. Bg2 Be7 5. Nc3 O-O 6. Nf3 c6 7. Bf4 Nh5 8. Bd2
d5 9. Qc2 Nd7 10. h3 Nhf6 11. g4 Ne4 12. cxd5 cxd5 13. gxf5 Nxc3 14. fxe6 Nf6
15. bxc3 Ne4 16. Qb3 Bxe6 17. h4 b6 18. Rc1 Rc8 19. Be3 Rc7 20. Nd2 Nxf2 21.
Bxf2 Rxf2 22. Kxf2 Bxh4+ 23. Kf1 Qg5 24. Rxh4 Qxd2 25. Qc2 Rf7+ 26. Bf3 Qe3 27.
Qxh7+ Kf8 28. Qc2 Bf5 29. Qb2 g5 30. Qa3+ Kg7 31. Rh2 Bd3 32. Kg2 Bxe2 33. Bxe2
Qxe2+ 34. Kg1 Qe3+ 35. Kh1 Qf3+ 36. Rg2 Qh3+ 37. Kg1 Qe3+ 38. Kh2 Kg8 39. Kh1
Qh3+ 40. Kg1 Qe3+ 1/2-1/2

[Event "V Torneo"]
[Site "Bassano del Grappa ITA"]
[Date "2005.12.29"]
[Round "5"]
[White "Dvirnyy, Danyyil"]
[Black "Efimov, Igor"]
[Result "0-1"]
[WhiteElo "2272"]
[BlackElo "2403"]
[PlyCount "68"]
[EventDate "2005.12.26"]

1. e4 c5 2. Nf3 e6 3. d4 cxd4 4. Nxd4 a6 5. c4 Nf6 6. Nc3 Qc7 7. a3 b6 8. Be3
Bb7 9. f3 Nc6 10. Rc1 Ne5 11. Be2 Ng6 12. Qd2 Rb8 13. b4 Be7 14. Rc2 O-O 15.
Na4 d6 16. O-O Nd7 17. Rfc1 Ba8 18. Bf1 h6 19. Qf2 Bh4 20. g3 Be7 21. Qd2 Nde5
22. Be2 Qd7 23. b5 h5 24. Nb3 Qa7 25. bxa6 Qxa6 26. Nc3 Qxa3 27. Ra2 Qxb3 28.
Rb1 Qxc4 29. Bxc4 Nxf3+ 30. Kf2 Nxd2 31. Bxd2 Ne5 32. Be2 Ng4+ 33. Bxg4 hxg4
34. Ra7 Bf6 0-1

[Event "V Torneo"]
[Site "Bassano del Grappa ITA"]
[Date "2005.12.29"]
[Round "5"]
[White "Ferretti, Folco"]
[Black "Verducci, Gianni"]
[Result "1-0"]
[WhiteElo "2264"]
[BlackElo "2063"]
[PlyCount "79"]
[EventDate "2005.12.26"]

1. Nf3 Nf6 2. c4 c5 3. Nc3 Nc6 4. d4 cxd4 5. Nxd4 g6 6. g3 Bg7 7. Bg2 O-O 8.
O-O a6 9. b3 Qc7 10. Bb2 d6 11. Rc1 Bd7 12. Nd5 Qd8 13. Nxc6 Bxc6 14. Nxf6+
exf6 15. Rc2 Qa5 16. Bc3 Qf5 17. Bxc6 bxc6 18. Rd2 Rfe8 19. Rxd6 Qe4 20. Re1 f5
21. Bxg7 Kxg7 22. Qa1+ Kg8 23. Qf6 Rac8 24. Rd7 Qe6 25. Qxe6 Rxe6 26. e3 c5 27.
Red1 Rcc6 28. Ra7 Kg7 29. Rdd7 Rf6 30. Kf1 g5 31. Ke2 Kg6 32. Rac7 h6 33. Rxf7
Rfe6 34. Rxc6 Rxc6 35. Rd7 Kf6 36. Kd3 g4 37. a3 Ke6 38. Rd8 Ke5 39. b4 Rc7 40.
Rd5+ 1-0

[Event "V Torneo"]
[Site "Bassano del Grappa ITA"]
[Date "2005.12.29"]
[Round "5"]
[White "Genna, Jose' Miguel"]
[Black "Xia, Jie"]
[Result "1-0"]
[WhiteElo "2225"]
[BlackElo "2111"]
[PlyCount "35"]
[EventDate "2005.12.26"]

1. e4 c5 2. Nf3 e6 3. d4 cxd4 4. Nxd4 a6 5. Nc3 b5 6. Bd3 Qc7 7. O-O Nf6 8. Bg5
d6 9. Kh1 Nbd7 10. f4 b4 11. Nb1 d5 12. exd5 Nxd5 13. Nxe6 Qd6 14. Re1 Be7 15.
Nxg7+ Kf8 16. Nf5 Qc5 17. Rxe7 N7f6 18. Bh6+ 1-0

[Event "I Weekend per la Befana A"]
[Site "Riccione ITA"]
[Date "2005.01.08"]
[Round "3"]
[White "Volpinari, Danilo"]
[Black "Rebeggiani, Luca"]
[Result "1-0"]
[WhiteElo "2068"]
[BlackElo "1910"]
[PlyCount "41"]
[EventDate "2005.01.07"]

1. e4 c5 2. Nf3 e6 3. d4 cxd4 4. Nxd4 Nc6 5. Nc3 Qc7 6. Be2 Nf6 7. O-O a6 8.
Be3 Bb4 9. Na4 b5 10. Nxc6 Qxc6 11. Nb6 Rb8 12. e5 Ng8 13. Qd4 Ba5 14. Nxc8
Rxc8 15. b4 Bd8 16. c4 bxc4 17. Rac1 c3 18. Rfd1 Qa4 19. Bxa6 Qxa6 20. Qxd7+
Kf8 21. Bc5+ 1-0

[Event "VI Festival Piemonte Scacchi"]
[Site "Torino ITA"]
[Date "2005.11.18"]
[Round "1"]
[White "Angioni, Gian Carlo"]
[Black "Nemesio, Aldo"]
[Result "1-0"]
[WhiteElo "1832"]
[BlackElo "1489"]
[PlyCount "65"]
[EventDate "2005.11.18"]

1. e4 e5 2. Nf3 Nc6 3. Bb5 d6 4. d4 a6 5. Bxc6+ bxc6 6. dxe5 Bg4 7. exd6 cxd6
8. Be3 Nf6 9. Nbd2 Be7 10. O-O O-O 11. h3 Bh5 12. c3 Re8 13. Qa4 Qc7 14. Nd4
Rec8 15. Nf5 Bg6 16. Ng3 Re8 17. f4 h6 18. Rae1 Qb7 19. f5 Bh7 20. Ne2 Qb5 21.
Qc2 Rab8 22. b3 Bd8 23. Nd4 Qb7 24. Bf4 Qd7 25. Nc4 Bc7 26. e5 dxe5 27. Nxe5
Qd5 28. Nexc6 Bxf4 29. Rxe8+ Rxe8 30. Rxf4 Ne4 31. c4 Qd6 32. Rxe4 Rc8 33. Ne7+
1-0

[Event "VI Festival Piemonte Scacchi"]
[Site "Torino ITA"]
[Date "2005.11.18"]
[Round "1"]
[White "Berutti, Mario"]
[Black "Figari, Andrea"]
[Result "0-1"]
[WhiteElo "1862"]
[BlackElo "1524"]
[PlyCount "56"]
[EventDate "2005.11.18"]

1. e4 e5 2. Nf3 Nc6 3. Bc4 Bc5 4. Nc3 Nf6 5. a3 a6 6. d3 h6 7. Be3 Bxe3 8. fxe3
d6 9. O-O O-O 10. Nh4 Ng4 11. Ng6 Nxe3 12. Qf3 Nxf1 13. Nxf8 Qxf8 14. Rxf1 Be6
15. Nd5 Nd4 16. Qh5 Rc8 17. c3 Nc6 18. Nf6+ gxf6 19. Rxf6 Bxc4 20. Qg4+ Kh8 21.
dxc4 Ne7 22. Qh5 Ng6 23. Qf5 Kg8 24. Qf3 Ne7 25. Qh5 Ng6 26. Qg4 Re8 27. h4 Qg7
28. Rf3 Nf4 0-1

[Event "VI Festival Piemonte Scacchi"]
[Site "Torino ITA"]
[Date "2005.11.18"]
[Round "1"]
[White "Diana, Riccardo"]
[Black "Dezzi, Marco"]
[Result "1-0"]
[WhiteElo "2096"]
[BlackElo "1592"]
[PlyCount "98"]
[EventDate "2005.11.18"]

1. e4 e5 2. Nf3 Nc6 3. Bb5 a6 4. Ba4 b5 5. Bb3 Bc5 6. c3 Nf6 7. O-O d6 8. d4
exd4 9. cxd4 Bb4 10. Nc3 Bxc3 11. bxc3 O-O 12. Re1 h6 13. h3 Re8 14. Bc2 Nd7
15. Qd3 Nf8 16. Bf4 Qf6 17. Bg3 Ng6 18. e5 dxe5 19. Nxe5 Ncxe5 20. Bxe5 Qc6 21.
Re3 Be6 22. Rg3 Bd5 23. h4 Bc4 24. Qf5 Be6 25. Qh5 Nxe5 26. Qxh6 Ng6 27. Bxg6
fxg6 28. Rxg6 Qd7 29. Rg3 Bd5 30. a4 Rab8 31. axb5 Rb6 32. Qg5 axb5 33. Ra7
Rbe6 34. Qf4 Rf8 35. Qxc7 Qxc7 36. Rxc7 Re1+ 37. Kh2 Rxf2 38. Rgxg7+ Kf8 39.
Rg5 Bc4 40. h5 Re3 41. h6 Rf4 42. Rh5 Bd3 43. h7 Bxh7 44. Rcxh7 Rxc3 45. Rb7
Kg8 46. Rd7 Rb3 47. d5 Rb2 48. d6 Rff2 49. Rd8+ Rf8 1-0

[Event "VI Festival Piemonte Scacchi"]
[Site "Torino ITA"]
[Date "2005.11.18"]
[Round "1"]
[White "Fiorito, Michele"]
[Black "Saccona, Silvano"]
[Result "0-1"]
[WhiteElo "1593"]
[BlackElo "2155"]
[PlyCount "38"]
[EventDate "2005.11.18"]

1. d4 c6 2. c4 d5 3. cxd5 Qxd5 4. Nc3 Qa5 5. e4 Nf6 6. Bd3 Bg4 7. Nge2 e6 8. a3
Nbd7 9. b4 Bxb4 10. Bd2 Bf8 11. f3 Bh5 12. e5 Nd5 13. Nxd5 Qxd5 14. Qc2 Bg6 15.
Nf4 Qxd4 16. Nxg6 Qxa1+ 17. Kf2 Qxh1 18. Nxh8 Qxh2 19. Nxf7 Bc5+ 0-1

[Event "VI Festival Piemonte Scacchi"]
[Site "Torino ITA"]
[Date "2005.11.18"]
[Round "1"]
[White "Franchitti, Luigi"]
[Black "Catana, Costel"]
[Result "0-1"]
[WhiteElo "1572"]
[BlackElo "2095"]
[PlyCount "92"]
[EventDate "2005.11.18"]

1. e4 c5 2. Nf3 Nc6 3. d4 cxd4 4. Nxd4 Nf6 5. Nc3 d6 6. Bg5 e6 7. Nxc6 bxc6 8.
e5 dxe5 9. Qxd8+ Kxd8 10. O-O-O+ Kc7 11. f3 Bc5 12. Bd3 h6 13. Na4 Bd4 14. Bd2
a5 15. Rhe1 Nd7 16. c3 Ba7 17. f4 exf4 18. Bxf4+ Kb7 19. Bc2 Bb8 20. Bd6 Ba7
21. Rf1 f6 22. Bb3 e5 23. Ba3 Nf8 24. Rd8 Ng6 25. Rxh8 Nxh8 26. Rd1 Bf5 27. Bc5
Ng6 28. Bc2 Bxc2 29. Kxc2 Kc7 30. Bxa7 Rxa7 31. Nc5 Kb6 32. Ne4 Nf4 33. g3 Nd5
34. Rd3 f5 35. Nd6 e4 36. Rd4 Ne7 37. a4 Ra8 38. Nc4+ Kc7 39. Ne3 Rd8 40. Rxd8
Kxd8 41. h4 g5 42. hxg5 hxg5 43. b4 f4 44. gxf4 gxf4 45. Ng4 axb4 46. cxb4 Nf5
0-1

[Event "VI Festival Piemonte Scacchi"]
[Site "Torino ITA"]
[Date "2005.11.18"]
[Round "1"]
[White "Groger, Astrid"]
[Black "Sola, Giuseppe"]
[Result "0-1"]
[WhiteElo "1535"]
[BlackElo "1902"]
[PlyCount "56"]
[EventDate "2005.11.18"]

1. e4 c5 2. Nf3 d6 3. d4 cxd4 4. Nxd4 Nf6 5. Nc3 a6 6. Be3 e6 7. f4 Qc7 8. Qf3
Nc6 9. a3 Be7 10. Bc4 Nxd4 11. Bxd4 Qxc4 12. O-O-O O-O 13. g4 e5 14. Be3 Bxg4
15. Qf1 Qxf1 16. Rdxf1 exf4 17. Rxf4 Be6 18. Bd4 Nd7 19. Rg1 Ne5 20. Ne2 Rac8
21. Bc3 h6 22. Rff1 Bc4 23. Kd1 Rfd8 24. Rf2 Bxe2+ 25. Kxe2 Rc4 26. Rfg2 Rxe4+
27. Kd1 g6 28. Rf1 Ng4 0-1

[Event "VI Festival Piemonte Scacchi"]
[Site "Torino ITA"]
[Date "2005.11.18"]
[Round "1"]
[White "Gussone, Claudio"]
[Black "Gatti, Franco"]
[Result "1/2-1/2"]
[WhiteElo "1885"]
[BlackElo "1532"]
[PlyCount "85"]
[EventDate "2005.11.18"]

1. d4 Nf6 2. Nf3 g6 3. g3 Bg7 4. Bg2 O-O 5. O-O d6 6. c4 c6 7. Nc3 Na6 8. e4
Re8 9. a3 e5 10. d5 cxd5 11. exd5 Nc5 12. Re1 h6 13. Be3 e4 14. Bxc5 exf3 15.
Rxe8+ Nxe8 16. Be3 fxg2 17. Kxg2 Qd7 18. Qe2 Qh3+ 19. Kg1 Bxc3 20. bxc3 Nf6 21.
f3 Bd7 22. Qf2 b6 23. Bf4 Ne8 24. Re1 g5 25. Bc1 Qf5 26. Re4 Qf6 27. Qe3 Rc8
28. f4 Ng7 29. fxg5 hxg5 30. Qxg5 Qxg5 31. Bxg5 Re8 32. Rxe8+ Nxe8 33. Kf2 Kg7
34. Ke3 Kg6 35. Bf4 Kf5 36. h3 Ba4 37. g4+ Kg6 38. h4 Bc2 39. h5+ Kh7 40. g5
Bf5 41. Kd4 Bc2 42. h6 Bg6 43. Ke3 1/2-1/2

[Event "VI Festival Piemonte Scacchi"]
[Site "Torino ITA"]
[Date "2005.11.18"]
[Round "1"]
[White "La Tessa, Domenico"]
[Black "Finocchiaro, Gianluca"]
[Result "1-0"]
[WhiteElo "1520"]
[BlackElo "1834"]
[PlyCount "97"]
[EventDate "2005.11.18"]

1. d4 Nf6 2. c4 e6 3. Nc3 d5 4. Bg5 c5 5. cxd5 exd5 6. e3 Be7 7. Bd3 Be6 8.
Nge2 h6 9. Bh4 b5 10. a3 a6 11. O-O g5 12. Bg3 h5 13. b4 h4 14. Be5 h3 15. g3
Bd6 16. Bxd6 Qxd6 17. f3 g4 18. e4 Qe7 19. e5 Nfd7 20. f4 f5 21. Qc2 Qf7 22.
Nd1 a5 23. Bxb5 axb4 24. Bc6 Rxa3 25. Rxa3 bxa3 26. Bxd5 O-O 27. Bxe6 Qxe6 28.
Ndc3 Rc8 29. Ra1 c4 30. Rf1 Qc6 31. d5 Qc5+ 32. Kh1 Qe3 33. Rc1 Nc5 34. Qxf5
Rf8 35. Qxg4+ Kh7 36. Qxh3+ Kg8 37. Qg4+ Kh8 38. Kg2 Nd3 39. Rf1 Qd2 40. Ne4
Ne1+ 41. Kh3 Qxd5 42. Qh5+ Kg8 43. Qg6+ Kh8 44. Rxe1 Nd7 45. Ng5 Nf6 46. exf6
Qd7+ 47. Kg2 Qd5+ 48. Kg1 Qc5+ 49. Kf1 1-0

[Event "VI Festival Piemonte Scacchi"]
[Site "Torino ITA"]
[Date "2005.11.18"]
[Round "1"]
[White "Medaglia, Enzo"]
[Black "Malano, Francesco"]
[Result "0-1"]
[WhiteElo "1563"]
[BlackElo "2037"]
[PlyCount "54"]
[EventDate "2005.11.18"]

1. e4 c5 2. Nc3 Nc6 3. a3 g6 4. Bc4 Bg7 5. Nge2 e6 6. d3 Nge7 7. Be3 d5 8. exd5
exd5 9. Nxd5 Nxd5 10. Bxc5 Bxb2 11. Rb1 Qa5+ 12. Qd2 Qxc5 13. Rxb2 a6 14. c3
O-O 15. O-O b5 16. Ba2 Be6 17. c4 bxc4 18. Rc1 Qxa3 19. Rxc4 Rfc8 20. Rh4 Rd8
21. h3 a5 22. Ng3 Rab8 23. Rc2 Ncb4 24. Ne4 Qxd3 25. Qh6 Qxc2 26. Ng5 Nxa2 27.
Nxe6 Qc1+ 0-1

[Event "VI Festival Piemonte Scacchi"]
[Site "Torino ITA"]
[Date "2005.11.18"]
[Round "1"]
[White "Racioppo, Paolo"]
[Black "Milanesi, Erminio"]
[Result "1-0"]
[WhiteElo "2188"]
[BlackElo "1616"]
[PlyCount "65"]
[EventDate "2005.11.18"]

1. e4 g6 2. d4 Nh6 3. Nc3 c6 4. f3 f6 5. Be3 Nf7 6. Qd2 d5 7. Nge2 Bg7 8. h4
dxe4 9. Nxe4 Na6 10. c4 Bf5 11. N2c3 Nc7 12. g4 Bxe4 13. fxe4 Qd6 14. O-O-O
O-O-O 15. Na4 e6 16. Be2 Qe7 17. Qa5 Na6 18. c5 Qc7 19. Qc3 Nb8 20. b4 Bh6 21.
Bxh6 Nxh6 22. Qd3 Nf7 23. Rhf1 Qe7 24. Nb2 Rhe8 25. Nc4 Nd7 26. Rd2 h6 27. Rb2
a6 28. a4 g5 29. h5 Nb8 30. Nb6+ Kc7 31. b5 f5 32. gxf5 exf5 33. Rxf5 1-0

[Event "VI Festival Piemonte Scacchi"]
[Site "Torino ITA"]
[Date "2005.11.18"]
[Round "1"]
[White "Sattanino, Andrea"]
[Black "Torrione, William"]
[Result "0-1"]
[WhiteElo "1530"]
[BlackElo "1883"]
[PlyCount "65"]
[EventDate "2005.11.18"]

1. d4 Nf6 2. c4 g6 3. Nc3 d5 4. Nf3 Bg7 5. Bf4 c6 6. e3 Nbd7 7. Bd3 e6 8. Bd6
dxc4 9. Be2 Nb6 10. Bc5 Nfd7 11. Bd6 Nd5 12. Qc2 b5 13. O-O N7b6 14. Bc5 Nxc3
15. bxc3 Na4 16. Ba3 Nb6 17. Rfd1 Bf8 18. Bc5 Bxc5 19. dxc5 Nd7 20. Qd2 Qe7 21.
Nd4 Bb7 22. Bf3 Ne5 23. a4 Nxf3+ 24. gxf3 Rd8 25. f4 a6 26. axb5 axb5 27. Ra7
Rd7 28. Rxb7 Rxb7 29. Nxc6 Qd7 30. Qxd7+ Rxd7 31. Ra1 O-O 32. Ne5 Rc7 33. Ra5
0-1

[Event "VI Festival Piemonte Scacchi"]
[Site "Torino ITA"]
[Date "2005.11.18"]
[Round "1"]
[White "Sorcinelli, Francesco"]
[Black "Liviabella, Lucio"]
[Result "1-0"]
[WhiteElo "2071"]
[BlackElo "1568"]
[PlyCount "65"]
[EventDate "2005.11.18"]

1. e4 c5 2. Nf3 d6 3. d4 cxd4 4. Nxd4 a6 5. Nc3 Nf6 6. Be3 g6 7. f3 Bg7 8. Qd2
Bd7 9. O-O-O Nc6 10. Bh6 Bxh6 11. Qxh6 Nxd4 12. Rxd4 Qb6 13. Qd2 Rc8 14. Bc4
O-O 15. h4 Bc6 16. g4 h5 17. Bb3 Kg7 18. gxh5 Nxh5 19. Rd1 Qa5 20. Rg1 Qe5 21.
Nd5 Bxd5 22. Rxd5 Qf4 23. Rxh5 Qxd2+ 24. Kxd2 b5 25. Rhg5 Rc5 26. f4 e6 27. h5
Rxg5 28. Rxg5 Kf6 29. hxg6 fxg6 30. e5+ dxe5 31. Rxe5 Re8 32. Ke3 g5 33. Rxg5
1-0

[Event "VI Festival Piemonte Scacchi"]
[Site "Torino ITA"]
[Date "2005.11.19"]
[Round "2"]
[White "Abbura', Davide"]
[Black "Sorcinelli, Francesco"]
[Result "0-1"]
[WhiteElo "1745"]
[BlackElo "2071"]
[PlyCount "70"]
[EventDate "2005.11.18"]

1. e4 c5 2. Nc3 Nc6 3. d3 g6 4. g3 Bg7 5. Bg2 d6 6. Nge2 Nf6 7. O-O O-O 8. h3
Rb8 9. Be3 b5 10. Qc1 b4 11. Nd1 Qc7 12. f4 Nd7 13. g4 Ba6 14. Nf2 Nd4 15. Bxd4
cxd4 16. f5 Rbc8 17. g5 Qxc2 18. Nf4 Bb7 19. Ng4 Qxc1 20. Rfxc1 Be5 21. Nxe5
dxe5 22. Ne2 Nc5 23. Rd1 Na4 24. Rd2 Rc7 25. Rc1 Rfc8 26. Rxc7 Rxc7 27. fxg6
hxg6 28. Bf1 Ba6 29. Ng3 Rc1 30. Kf2 Ra1 31. a3 b3 32. Be2 Rb1 33. Bd1 Nxb2 34.
Bxb3 Nxd3+ 35. Rxd3 Bxd3 0-1

[Event "VI Festival Piemonte Scacchi"]
[Site "Torino ITA"]
[Date "2005.11.19"]
[Round "2"]
[White "Blundo, Michele"]
[Black "Racioppo, Paolo"]
[Result "0-1"]
[WhiteElo "1682"]
[BlackElo "2188"]
[PlyCount "104"]
[EventDate "2005.11.18"]

1. d4 f5 2. Nf3 Nf6 3. c4 d6 4. e3 g6 5. Nc3 Bg7 6. g3 Nc6 7. Bg2 O-O 8. O-O a6
9. Re1 Qe8 10. a3 e5 11. dxe5 dxe5 12. e4 f4 13. Nd5 Qd8 14. Ra2 Nh5 15. b3
fxg3 16. fxg3 Bg4 17. Be3 Nd4 18. Rf2 c6 19. Nc3 Qe7 20. Bxd4 exd4 21. Ne2 Rad8
22. Qd3 Qxa3 23. h3 Bxf3 24. Bxf3 Qa5 25. Rd1 Qe5 26. Bxh5 Rxf2 27. Kxf2 Qxh5
28. Kg2 Qe5 29. Nf4 Re8 30. Re1 Bh6 31. Qd1 c5 32. Nd3 Qe7 33. Nf4 Rf8 34. Qg4
Qf7 35. Rf1 b5 36. Qe6 Qxe6 37. Nxe6 Rxf1 38. Kxf1 Bf8 39. Ke2 Bd6 40. g4 bxc4
41. bxc4 h6 42. Nd8 Kf8 43. Nb7 Ke7 44. Na5 Kd7 45. Nb3 Kc6 46. Kd3 Bc7 47. Nd2
a5 48. Nb1 Bf4 49. Na3 Kb6 50. Nb5 a4 51. Na3 Ka5 52. Nc2 g5 0-1

[Event "VI Festival Piemonte Scacchi"]
[Site "Torino ITA"]
[Date "2005.11.19"]
[Round "2"]
[White "Catana, Costel"]
[Black "Iacomussi, Mario"]
[Result "1-0"]
[WhiteElo "2095"]
[BlackElo "1667"]
[PlyCount "88"]
[EventDate "2005.11.18"]

1. e4 c5 2. Nf3 d6 3. d4 cxd4 4. Nxd4 Nf6 5. Nc3 a6 6. Be2 e6 7. Be3 Nc6 8. O-O
Be7 9. Qd2 Qc7 10. f4 e5 11. Nf3 exf4 12. Bxf4 O-O 13. Kh1 Be6 14. Ng5 Ne5 15.
Nd5 Bxd5 16. exd5 h6 17. Nf3 Neg4 18. Nd4 Ne4 19. Qe1 Ngf6 20. Bd3 Nc5 21. Bf5
Nxd5 22. b4 Nxf4 23. Rxf4 Bf6 24. c3 Nd7 25. Bc2 Rfe8 26. Qg3 Re5 27. Raf1 Rg5
28. Qd3 Rg6 29. Qe2 Rg5 30. Qd3 Rg6 31. Nf5 Bg5 32. Nh4 Bxh4 33. Rxh4 d5 34. h3
Qc6 35. Bb3 Nb6 36. Rff4 Rf6 37. Rf5 Rxf5 38. Qxf5 Rf8 39. Qd3 Rd8 40. a4 Rd6
41. Bc2 Rg6 42. a5 Na4 43. Qd4 Qxc3 44. Qxd5 Kf8 1-0

[Event "VI Festival Piemonte Scacchi"]
[Site "Torino ITA"]
[Date "2005.11.19"]
[Round "2"]
[White "Cottone, Salvatore"]
[Black "Angioni, Gian Carlo"]
[Result "1-0"]
[WhiteElo "1769"]
[BlackElo "1832"]
[PlyCount "39"]
[EventDate "2005.11.18"]

1. d4 d5 2. Nf3 Nf6 3. e3 c6 4. Bd3 Nbd7 5. O-O e6 6. Nbd2 Bd6 7. c3 O-O 8. e4
dxe4 9. Nxe4 Nxe4 10. Bxe4 Re8 11. Bxh7+ Kxh7 12. Ng5+ Kg6 13. h4 Rh8 14. Qf3
Qf6 15. Qh3 Qf5 16. g4 Qd5 17. h5+ Kf6 18. c4 Qxd4 19. Qf3+ Ke7 20. Qxf7+ 1-0

[Event "VI Festival Piemonte Scacchi"]
[Site "Torino ITA"]
[Date "2005.11.19"]
[Round "2"]
[White "Domenichelli, Serafino"]
[Black "Berutti, Mario"]
[Result "0-1"]
[WhiteElo "1826"]
[BlackElo "1862"]
[PlyCount "64"]
[EventDate "2005.11.18"]

1. e4 e5 2. Nf3 Nf6 3. d3 Nc6 4. Nc3 Bc5 5. Be2 a6 6. O-O O-O 7. Nxe5 Nxe5 8.
d4 Bd6 9. dxe5 Bxe5 10. Bd3 d6 11. f3 Bd4+ 12. Kh1 Nh5 13. Ne2 Ba7 14. Qe1 f5
15. exf5 d5 16. g4 Nf6 17. Qh4 c5 18. c4 b5 19. b3 dxc4 20. Bc2 cxb3 21. axb3
Bb7 22. Nf4 Qd4 23. Rb1 c4 24. Bd1 c3 25. Ng2 Qd3 26. Qe1 Qxb1 27. Qe6+ Kh8 28.
Ba3 Rfe8 29. Qf7 c2 30. Ne3 Rxe3 31. Bf8 Bxf3+ 32. Kg1 Re7+ 0-1

[Event "VI Festival Piemonte Scacchi"]
[Site "Torino ITA"]
[Date "2005.11.19"]
[Round "2"]
[White "Finocchiaro, Gianluca"]
[Black "Marvin, Elio"]
[Result "1-0"]
[WhiteElo "1834"]
[BlackElo "1696"]
[PlyCount "50"]
[EventDate "2005.11.18"]

1. e4 e5 2. Nf3 d6 3. d4 exd4 4. Nxd4 Nf6 5. Nc3 Be7 6. Be3 O-O 7. f3 d5 8. Nb3
dxe4 9. Nxe4 Nxe4 10. fxe4 Qxd1+ 11. Rxd1 Nc6 12. c3 Be6 13. Be2 Ne5 14. O-O
Nc4 15. Bc1 a5 16. Nd4 Bc5 17. Kh1 Nd6 18. Nxe6 fxe6 19. Bf3 e5 20. Rd5 Bb6 21.
Rxe5 h6 22. Re6 Ne8 23. Rd1 c6 24. Rd7 Nf6 25. Rd2 Bc7 1-0

[Event "VI Festival Piemonte Scacchi"]
[Site "Torino ITA"]
[Date "2005.11.19"]
[Round "2"]
[White "Malano, Francesco"]
[Black "Macario, Marco"]
[Result "1/2-1/2"]
[WhiteElo "2037"]
[BlackElo "1689"]
[PlyCount "79"]
[EventDate "2005.11.18"]

1. Nf3 c5 2. c4 Nf6 3. Nc3 Nc6 4. g3 g6 5. Bg2 Bg7 6. b3 O-O 7. Bb2 e6 8. d4
Nxd4 9. Nxd4 a6 10. O-O d5 11. cxd5 exd5 12. e3 Re8 13. Rc1 Qd6 14. Nc2 Be6 15.
Ne2 Red8 16. Nf4 Rac8 17. Qe2 Bg4 18. f3 Be6 19. Rfd1 Qe7 20. Rd2 g5 21. Nxe6
fxe6 22. Rcd1 Rc7 23. Bh3 Qe8 24. Nd4 cxd4 25. Bxd4 Rdc8 26. Qd3 Rc6 27. e4
dxe4 28. fxe4 Qh5 29. Bg2 Rc1 30. Bxf6 Bxf6 31. e5 Rxd1+ 32. Rxd1 Rd8 33. Qxd8+
Bxd8 34. Rxd8+ Kf7 35. Bxb7 Ke7 36. Rd2 a5 37. Bc6 a4 38. Rd7+ Kf8 39. Bb5 Qf3
40. Bc4 1/2-1/2